=LDR 00000nam 2200000 4500 =001 INLIS000000000031572 =005 20130612133634 =008 ***********************************ind** =035 ##$$0010-061300000031572 =041 ##$$a ind =082 ##$$a 808.83 =090 ##$$a 808.83, Har,g =100 ##$$a Hariadi, Langit Kresna =245 ##$$a Gajah Mada, Begelut Dalam Kemelut Tahta Dan Angkara, Langit Kresna Hariadi =260 ##$$a Tiga Serangkai $b xii =650 ##$$a Fiksi Sejarah =700 ##$$a Sukini =850 ##$$a NBPNMAT